The can-carriers (Record no. 67601)

MARC details
000 -LEADER
fixed length control field 01335cam a2200241 4500
001 - CONTROL NUMBER
control field X113467
008 - FIXED-LENGTH DATA ELEMENTS--GENERAL INFORMATION
fixed length control field 000000n2001 000 0 eng u
035 ## - SYSTEM CONTROL NUMBER
System control number (Sirsi) u113467
100 ## - MAIN ENTRY--PERSONAL NAME
Personal name Minogue, A.
245 #4 - TITLE STATEMENT
Title The can-carriers
260 ## - PUBLICATION, DISTRIBUTION, ETC.
Date of publication, distribution, etc. 2001
490 ## - SERIES STATEMENT
Series statement Building
Volume/sequential designation 266(8188) 15 June 2001, 55(1)
520 ## - SUMMARY, ETC.
Summary, etc. According to recent case law project managers have a duty to assess and report any deficiencies in the performance of the other consultants to the client, should have enough knowledge about contract administration and law to ward off claims that are without merit and to advise on starting proceedings before the end of the limitation period, must advise on and assess the suitability of insurance arrangements by contractors, must advise of potential fire hazards, and may be liable for defective work if they issue certificates as the employer's agent under the JCT98 With Contractors Design.
650 ## - SUBJECT ADDED ENTRY--TOPICAL TERM
Topical term or geographic name entry element CHESHAM PROPERTIES LTD V BUCKNALL AUSTIN PROJECT MANAGEMENT SERVICES LTD
650 ## - SUBJECT ADDED ENTRY--TOPICAL TERM
Topical term or geographic name entry element DUTY OF CARE
650 ## - SUBJECT ADDED ENTRY--TOPICAL TERM
Topical term or geographic name entry element GEORGE FISCHER HOLDING LTD V MULTI DESIGN CONSULTANTS LTD
650 ## - SUBJECT ADDED ENTRY--TOPICAL TERM
Topical term or geographic name entry element LIABILITY
650 ## - SUBJECT ADDED ENTRY--TOPICAL TERM
Topical term or geographic name entry element POZZOLANIC LYTAG LTD V BRYAN HOBSON ASSOCIATES
650 ## - SUBJECT ADDED ENTRY--TOPICAL TERM
Topical term or geographic name entry element PRIDE VALLEY FOODS V HALL & PARTNERS
650 ## - SUBJECT ADDED ENTRY--TOPICAL TERM
Topical term or geographic name entry element PROJECT MANAGERS
690 ## - LOCAL SUBJECT ADDED ENTRY--TOPICAL TERM (OCLC, RLIN)
Topical term or geographic name as entry element Project management
9 (RLIN) 6261
942 ## - ADDED ENTRY ELEMENTS (KOHA)
Suppress in OPAC 0
Holdings
Withdrawn status Lost status Source of classification or shelving scheme Damaged status Not for loan Home library Current library Shelving location Date acquired Total Checkouts Full call number Barcode Date last seen Copy number Price effective from Koha item type
    Dewey Decimal Classification     London London Journal article 05/07/2001   X113467 113467-1001 06/08/2019 1 06/08/2019 Journal article